|
|
|
|
| LEADER |
00000nab a2200000 a 4500 |
| 001 |
vtls000217796 |
| 003 |
SK-MaSNL |
| 005 |
20260304063001.0 |
| 008 |
250422c1985 xo 0 slo |
| 015 |
|
|
|a SNBRB19rr/mm-uuuuu
|
| 035 |
|
|
|a CL0227910
|
| 035 |
|
|
|a urn:nbn:sk:snk-ab2ujq
|
| 035 |
|
|
|a (urnnbn)urn:nbn:sk:snk:ar-a02yp3
|
| 035 |
|
|
|a (uuid)fac33ee5-6b15-45da-9fdd-3a1f0e5c8540
|
| 040 |
|
|
|a SNKBUCL
|b slo
|c SNKBUCL
|e AACR2
|
| 041 |
0 |
|
|a slo
|
| 044 |
|
|
|a xo
|c SK
|
| 080 |
|
|
|a 336.12
|2 1981
|
| 080 |
|
|
|a 347.73
|2 1981
|
| 100 |
1 |
|
|a Moravčík, Jozef,
|d 1945-
|4 aut
|9 114296
|
| 245 |
1 |
0 |
|a J. Chorváth: Základy rozpočtového práva
|c Jozef Moravčík ; Július Chorváth
|
| 650 |
0 |
7 |
|a právo rozpočtové
|2 snkbucl
|9 1348953
|
| 655 |
|
7 |
|a články z novín a časopisov
|2 snkbucl
|9 267496
|
| 700 |
1 |
|
|a Chorváth, Július,
|d 1906-1991
|4 aut
|9 37921
|
| 773 |
0 |
|
|t Právny obzor
|g Roč. 68, č. 2 (1985), s. 194-196
|
| 787 |
0 |
8 |
|i Rec.:
|a Chorváth, Július
|t Základy rozpočtového práva
|d Bratislava : Veda, 1984
|
| 850 |
|
|
|a Slovenská národná knižnica
|
| 852 |
|
|
|a Slovenská národná knižnica
|
| 954 |
|
|
|a odborná, vedecká literatúra pôvodná (slovenská)
|2 lita
|
| 958 |
|
|
|a article27
|
| 958 |
|
|
|a RK
|
| 958 |
|
|
|a OND
|
| 958 |
|
|
|a EUIPO
|
| 992 |
|
|
|a RBX
|
| 999 |
|
|
|c 2740521
|d 2742451
|